Monuments d'Europe (mort subite) - Statistiques

Statistiques générales
  • Ce quiz a été pris 153 fois
  • Le résultat moyen est 9 sur 18
Answers on the Grid
Answers color-coded by a green-red scale on the quiz's grid according to % correct below.
Château de Chambord
Sagrada Familia
Golden Gate
Turning Torso
Mont Rushmore
Porte de Brandebourg
Sainte-Sophie
Manneken Pis
Angkor Vat
Colisée
Château de Neuschwanstein
Château Frontenac
Cathédrale métropolitaine
Le Mont-Saint-Michel
Taj Mahal
Statue de la Liberté
Cathédrale Saint-Patrick
Tour de Belem
La Tour CN
Montagne de Bueren
Temple d'or
Tour Eiffel
Dôme du Rocher
Willis Tower
Pont Érasme
Pont Dom-Louis
Harbour Bridge
Mont Uluru
Tour First
Christ rédempteur
Tower Bridge
Alhambra
 
Statistiques - réponses
Réponse % Correct
Château de Chambord
94%
Sagrada Familia
92%
Colisée
86%
Le Mont-Saint-Michel
76%
Tour Eiffel
75%
Porte de Brandebourg
68%
Manneken Pis
67%
Château de Neuschwanstein
66%
Tower Bridge
54%
Alhambra
39%
Sainte-Sophie
38%
Tour de Belem
34%
Cathédrale Saint-Patrick
32%
Pont Érasme
18%
Montagne de Bueren
12%
Turning Torso
12%
Tour First
10%
Pont Dom-Louis
8%
Aucun quiz correspondant
Distribution des résultats
% des personnes avec chaque résultat
Percentile par nombre de réponses
Votre historique - résultats
Vous n’avez pas pris ce quiz